Loading...
Fine Arts - Other Fine Arts | 4 | 4 | 0 | 1 | 100 | 46 | 86.38 | 1 | 6 |
History - Other History | 1 | 1 | 0 | 1 | 25 | 55 | 90.50 | 1 | 1 |
Social Science | 1 | 1 | 0 | 0 | 25 | 61 | 92.00 | 1 | 1 |
Fine Arts - Auditory Fine Arts | 0 | 2 | 0 | 0 | 20 | 94 | 104.00 | 0 | 1 |
Literature - British Literature | 0 | 2 | 1 | 1 | 15 | 82 | 109.00 | 0 | 2 |
Mythology | 0 | 2 | 1 | 0 | 15 | 97 | 97.00 | 0 | 1 |
Literature - American Literature | 1 | 0 | 0 | 0 | 15 | 64 | 64.00 | 1 | 1 |
Science - Physics | 1 | 0 | 0 | 0 | 15 | 53 | 53.00 | 0 | 1 |
Literature - World Literature | 0 | 1 | 0 | 0 | 10 | 145 | 145.00 | 0 | 1 |
History - American History | 0 | 1 | 0 | 0 | 10 | 84 | 84.00 | 0 | 1 |
Science - Biology | 0 | 1 | 0 | 1 | 10 | 112 | 112.00 | 0 | 0 |
Science - Chemistry | 0 | 1 | 0 | 1 | 10 | 110 | 110.00 | 0 | 0 |
Science - Other Science | 1 | 0 | 1 | 0 | 10 | 56 | 56.00 | 1 | 1 |
Religion | 0 | 1 | 0 | 0 | 10 | 74 | 74.00 | 0 | 1 |
Philosophy | 0 | 1 | 1 | 1 | 5 | 103 | 103.00 | 0 | 0 |
Current Events | 0 | 0 | 1 | 0 | -5 | 0.00 | 0 | 0 | |
Fine Arts - Visual Fine Arts | 0 | 0 | 1 | 0 | -5 | 0.00 | 0 | 0 |